Úplné znenie zákona o miestnych daniach a miestnom poplatku ...

Úplné znenie zákona o miestnych daniach a miestnom poplatku za komunálne odpady a drobné stavebné odpady - zákon č. 582/2004 Z.z. v znení ďalších zákonov ... a zákonov č. 460/2007 Z z. a č.538/2007 Z.z.

Saved in:
Bibliographic Details
Format: Book Chapter
Language:Slovak
Subjects:
Tags: Add Tag
No Tags, Be the first to tag this record!

MARC

LEADER 00000naa$a2200000$$$4500
001 0069315
005 20231114095921.5
041 0 |a slo 
044 |a SK 
245 1 0 |a Úplné znenie zákona o miestnych daniach a miestnom poplatku ... 
520 |a Úplné znenie zákona o miestnych daniach a miestnom poplatku za komunálne odpady a drobné stavebné odpady - zákon č. 582/2004 Z.z. v znení ďalších zákonov ... a zákonov č. 460/2007 Z z. a č.538/2007 Z.z. 
610 2 0 |a dane miestne 
610 2 0 |a poplatky miestne 
610 2 0 |a zákony 
610 2 0 |a Slovensko 
610 2 0 |a 2004-2007